Encuentro: manual de oración
Spremljeno u:
| Glavni autor: | |
|---|---|
| Format: | Knjiga |
| Jezik: | španjolski |
| Izdano: |
Santiago
Ediciones CEFEPAL
1989
|
| Izdanje: | 8a. ed |
| Teme: | |
| Oznake: |
Dodaj oznaku
Bez oznaka, Budi prvi tko označuje ovaj zapis!
|
MARC
| LEADER | 00000cam a2200000 a 4500 | ||
|---|---|---|---|
| 001 | UCC6373 | ||
| 003 | CL-VaPUC | ||
| 008 | 181207e19890000cl |||||||||||||||||spa|d | ||
| 082 | 0 | 4 | |a 248.4 |b LAR |2 21 |
| 100 | |a Larrañaga, Ignacio |e author |9 601349 | ||
| 245 | 1 | 0 | |a Encuentro: manual de oración |
| 250 | |a 8a. ed | ||
| 300 | |a 150 p | ||
| 942 | |c BK | ||
| 945 | |d 20181207 13:37:00 |a dcastane | ||
| 260 | |a Santiago |b Ediciones CEFEPAL |c 1989 | ||
| 650 | 0 | |a Contemplación |9 317501 | |
| 650 | 0 | |a Espiritualidad |9 267331 | |
| 650 | 7 | |a UNION MISTICA |2 CL-VaPUC |9 308337 | |
| 650 | 0 | |a Oración |9 313348 | |
| 583 | |a last modification |c 20181207 13:37:00 |k Rodrigo Vera | ||
| 999 | |c 373322 |d 373320 | ||
| 952 | |0 0 |1 0 |3 erb |4 0 |6 248_400000000000000_LAR_1989 |7 0 |8 A |9 491392 |a BIBTEO |b BIBTEO |e Precht Pizarro, Jorge Enrique |i 5521203 |o 248.4 LAR 1989 |p 5521203 |r 2025-01-17 |w 2019-11-24 |y BK |z Catalogado en:20181207 |k ICR | ||